| 000 | 00686nam a22002177a 4500 | ||
|---|---|---|---|
| 999 |
_c1494 _d1494 |
||
| 003 | AR-CdUCM | ||
| 008 | 190227b ||||| |||| 00| 0 spa d | ||
| 040 |
_aMUNICIPALIDAD PROVINCIAL DEL CUSCO _cBIBLIOTECA MUNICIPAL DEL CUSCO |
||
| 082 |
_a808.81 / _bAR68 |
||
| 100 |
_aArduz Ruiz, Marcelo _95658 |
||
| 245 |
_aPoemas Lunaticos / _cArduz Ruiz, Marcelo |
||
| 260 |
_aLa Paz : _bCasa de la Cultura, _c1993. |
||
| 300 |
_a122 paginas ; _c21cm. |
||
| 500 | _aPoemas Varios | ||
| 650 |
_aPoemas Latinoamerica _95659 |
||
| 650 |
_aConcurso Nacionak de Poesia _95660 |
||
| 650 |
_aLiteratura _983 |
||
| 700 |
_aArduz Ruiz, Marcelo _95658 |
||
| 942 |
_2ddc _cLIBROS |
||
| 945 |
_apjha _d2019-02-27 |
||